[Event "Tanta op 6th"]
[Site "Tanta"]
[Date "2003.12.13"]
[Round "6"]
[White "Hamam, Reda"]
[Black "Jday, Wassim"]
[Result "0-1"]
[WhiteElo "2224"]
[BlackElo "2101"]
[PlyCount "120"]
[EventDate "2003.12.07"]
[EventType "swiss"]
[EventRounds "9"]
[EventCountry "EGY"]
[SourceTitle "CBM 097 Extra"]
[Source "ChessBase"]
[SourceDate "2004.01.13"]
[SourceVersion "1"]
[SourceVersionDate "2004.01.13"]
[SourceQuality "1"]

1. e4 c5 2. Nf3 d6 3. d4 cxd4 4. Nxd4 Nf6 5. Nc3 g6 6. Be3 Bg7 7. f3 Nc6 8. Qd2 0-0 9. Bc4 Bd7 10. 0-0-0 Rc8 11. Bb3 Ne5 12. h4 Nc4 13. Bxc4 Rxc4 14. g4 Qa5 15. Kb1 Rfc8 16. h5 b5 17. hxg6 fxg6 18. g5 Nh5 19. Nb3 Qd8 20. Bd4 b4 21. Bxg7 Nxg7 22. Nd5 Rxc2 23. Qxb4 Rf2 24. Nd4 Rb8 25. Nxe7+ Kf7 26. Nec6 Bxc6 27. Nxc6 Rxb2+ 28. Kxb2 Rxb4+ 29. Nxb4 Nh5 30. Kb3 Kg7 31. e5 d5 32. Rxd5 Qxg5 33. Rd7+ Kh6 34. Re1 a5 35. Nd3 Qf5 36. e6 Nf6 37. Rh1+ Kg5 38. f4+ Kg4 39. Ne5+ Kg3 40. Rd3+ Kg2 41. Rc1 Qxe6+ 42. Kb2 Qb6+ 43. Rb3 Qd4+ 44. Ka3 Qd6+ 45. Ka4 Qd2 46. Rg1+ Kf2 47. Rh1 Qxf4+ 48. Ka3 Qxe5 49. Rc1 Qd6+ 50. Kb2 Ne4 51. Rc2+ Kg1 52. Ka1 Qd4+ 53. Rbb2 Nf2 54. Rd2 Qf6 55. a4 h5 56. Ka2 h4 57. Rdc2 h3 58. Rb3 h2 59. Rg3+ Kf1 60. Rc1+ Ke2 0-1

[Event "Tanta op 6th"]
[Site "Tanta"]
[Date "2003.12.10"]
[Round "4"]
[White "Hamam, Reda"]
[Black "Karlovich, Anastazia"]
[Result "1/2-1/2"]
[WhiteElo "2224"]
[BlackElo "2296"]
[PlyCount "82"]
[EventDate "2003.12.07"]
[EventType "swiss"]
[EventRounds "9"]
[EventCountry "EGY"]
[SourceTitle "CBM 097 Extra"]
[Source "ChessBase"]
[SourceDate "2004.01.13"]
[SourceVersion "1"]
[SourceVersionDate "2004.01.13"]
[SourceQuality "1"]

1. e4 e5 2. Nf3 Nc6 3. Bb5 a6 4. Ba4 d6 5. c3 Bd7 6. 0-0 Nge7 7. d4 Ng6 8. Be3 Be7 9. Nbd2 h6 10. d5 Nb8 11. Bc2 Bg5 12. c4 a5 13. Re1 Bxe3 14. fxe3 0-0 15. Nf1 f5 16. exf5 Bxf5 17. Bxf5 Rxf5 18. Qc2 Ne7 19. Ng3 Rf7 20. Rf1 Nd7 21. Nd2 Qe8 22. Nde4 b6 23. a3 a4 24. Rxf7 Qxf7 25. Rf1 Qg6 26. Qd1 h5 27. h4 Qg4 28. Qxg4 hxg4 29. Rd1 g6 30. Nf1 Nf5 31. g3 Kg7 32. Nf2 Nf6 33. Rd3 Rb8 34. Rc3 Kf8 35. Kg2 b5 36. e4 Nd4 37. Ne3 b4 38. axb4 Rxb4 39. Ned1 Ke7 40. Nd3 Rb8 41. N1f2 Rb3 1/2-1/2

[Event "Golden Cleopatra op 7th"]
[Site "Cairo"]
[Date "2003.06.09"]
[Round "8"]
[White "Abdein, Saiied"]
[Black "Hamam, Reda"]
[Result "1-0"]
[WhiteElo "2072"]
[BlackElo "2254"]
[PlyCount "58"]
[EventDate "2003.06.03"]
[EventType "swiss"]
[EventRounds "10"]
[EventCountry "EGY"]
[SourceTitle "CBM 094 Extra"]
[Source "ChessBase"]
[SourceDate "2003.07.09"]
[SourceVersion "2"]
[SourceVersionDate "2003.07.09"]
[SourceQuality "1"]

1. e4 c5 2. Nf3 d6 3. d4 cxd4 4. Nxd4 Nf6 5. Nc3 a6 6. Be2 e6 7. 0-0 Nc6 8. Be3 Bd7 9. f4 h5 10. h3 Qc7 11. Bf3 Be7 12. Nxc6 Bxc6 13. Bd4 Rd8 14. Qe2 e5 15. Be3 exf4 16. Bd4 Kf8 17. Kh2 g5 18. Nd5 Bxd5 19. exd5 Rc8 20. Rae1 Qd7 21. Qxe7+ Qxe7 22. Rxe7 Kxe7 23. Re1+ Kd7 24. Bxf6 Rhe8 25. Rxe8 Kxe8 26. c3 g4 27. hxg4 hxg4 28. Bxg4 Rc5 29. Bf3 Rb5 1-0

[Event "Tanta op 1st"]
[Site "Tanta"]
[Date "1997.??.??"]
[Round "10"]
[White "Najjar, Ahmad"]
[Black "Hamam, Reda"]
[Result "1-0"]
[WhiteElo "2235"]
[BlackElo "2320"]
[PlyCount "75"]
[EventDate "1997.??.??"]
[EventType "swiss"]
[EventRounds "10"]
[EventCountry "EGY"]
[SourceTitle "EXT 1998"]
[Source "ChessBase"]
[SourceDate "1997.11.17"]
[SourceVersion "1"]
[SourceVersionDate "1997.11.17"]
[SourceQuality "1"]

1. d4 Nf6 2. Nc3 d5 3. Nf3 c6 4. Bf4 Bf5 5. e3 e6 6. Bd3 Bxd3 7. Qxd3 Bd6 8. Bxd6 Qxd6 9. 0-0 Nbd7 10. e4 dxe4 11. Nxe4 Nxe4 12. Qxe4 0-0 13. c3 Rfe8 14. Rad1 Qd5 15. Qb1 Qh5 16. Rfe1 f6 17. Qc2 Re7 18. Qb3 Rae8 19. Re3 Nb6 20. Nd2 Nd5 21. Rh3 Qe2 22. Nc4 b5 23. Ne3 Nf4 24. Rf3 Nd3 25. Nf1 c5 26. Rd2 Qe4 27. Qxb5 c4 28. b3 Ne1 29. Rg3 h5 30. Qxh5 cxb3 31. axb3 Rb8 32. Qe2 Qxe2 33. Rxe2 Nxg2 34. Kxg2 Rxb3 35. Nd2 Rb2 36. Rge3 Kf7 37. d5 e5 38. Ne4 1-0

[Event "Tanta op 1st"]
[Site "Tanta"]
[Date "1997.??.??"]
[Round "6"]
[White "Taleb, Moussa"]
[Black "Hamam, Reda"]
[Result "1-0"]
[WhiteElo "2265"]
[BlackElo "2320"]
[PlyCount "62"]
[EventDate "1997.??.??"]
[EventType "swiss"]
[EventRounds "10"]
[EventCountry "EGY"]
[SourceTitle "EXT 1998"]
[Source "ChessBase"]
[SourceDate "1997.11.17"]
[SourceVersion "1"]
[SourceVersionDate "1997.11.17"]
[SourceQuality "1"]

1. d4 Nf6 2. Nf3 e6 3. e3 c5 4. c3 Be7 5. Bd3 0-0 6. 0-0 b6 7. e4 d5 8. e5 Ne4 9. Qe2 Bb7 10. Nbd2 Nxd2 11. Bxd2 Qc7 12. b4 Nd7 13. Rfe1 a5 14. b5 a4 15. Ng5 Bxg5 16. Bxg5 c4 17. Bc2 Rfe8 18. Qh5 Nf8 19. Re3 g6 20. Qh6 f5 21. exf6 Qd7 22. h4 Qf7 23. h5 Bc8 24. Rg3 e5 25. hxg6 hxg6 26. dxe5 Rxe5 27. Bf4 Rf5 28. Bxf5 Bxf5 29. Re1 Qh7 30. Re7 Qxh6 31. Bxh6 Nh7 1-0

[Event "Cairo op"]
[Site "Cairo"]
[Date "1996.??.??"]
[Round "8"]
[White "Hamam, Reda"]
[Black "Rizouk, Aimen"]
[Result "0-1"]
[WhiteElo "2320"]
[BlackElo "2295"]
[PlyCount "116"]
[EventDate "1996.??.??"]
[EventType "swiss"]
[EventRounds "10"]
[EventCountry "EGY"]
[SourceTitle "EXT 1998"]
[Source "ChessBase"]
[SourceDate "1997.11.17"]
[SourceVersion "1"]
[SourceVersionDate "1997.11.17"]
[SourceQuality "1"]

1. e4 e5 2. Nf3 Qe7 3. Nc3 c6 4. d4 d6 5. dxe5 dxe5 6. Bc4 b5 7. Nxb5 cxb5 8. Bd5 Bb7 9. Nxe5 Bxd5 10. Qxd5 Nf6 11. Qxa8 Qxe5 12. Qb7 Bb4+ 13. c3 Be7 14. Bg5 0-0 15. Bxf6 Bxf6 16. 0-0 a6 17. Rad1 Qe6 18. a3 Re8 19. f4 Qxe4 20. Rfe1 Qxe1+ 21. Rxe1 Rxe1+ 22. Kf2 Re8 23. a4 bxa4 24. h3 a3 25. bxa3 Bxc3 26. Qc7 Bd4+ 27. Kf1 Bf6 28. a4 g6 29. a5 h6 30. g4 Kg7 31. Qc4 Re6 32. Qc8 Nc6 33. f5 gxf5 34. Qxa6 Bc3 35. gxf5 Rf6 36. Qd3 Bxa5 37. Qe4 Bb6 38. Qg4+ Kh7 39. Ke2 Nd4+ 40. Kd3 Nxf5 41. Qe4 Kg7 42. Qg4+ Kh8 43. Qf4 Be3 44. Qe5 Bg5 45. Ke2 Kh7 46. Kd3 Nh4 47. Qe4+ Ng6 48. Kc2 Rf4 49. Qb7 Kg7 50. Kd1 Rf2 51. Qe4 Rd2+ 52. Ke1 Rh2 53. Qd4+ Bf6 54. Qg4 Rb2 55. Kf1 Rb5 56. Kf2 Rg5 57. Qd7 Nf4 58. Kf1 Rg2 0-1

[Event "Cairo op"]
[Site "Cairo"]
[Date "1996.??.??"]
[Round "10"]
[White "Hamam, Reda"]
[Black "Yasseen, Aly"]
[Result "1/2-1/2"]
[WhiteElo "2320"]
[BlackElo "2350"]
[PlyCount "23"]
[EventDate "1996.??.??"]
[EventType "swiss"]
[EventRounds "10"]
[EventCountry "EGY"]
[SourceTitle "EXT 1998"]
[Source "ChessBase"]
[SourceDate "1997.11.17"]
[SourceVersion "1"]
[SourceVersionDate "1997.11.17"]
[SourceQuality "1"]

1. e4 c5 2. Nf3 d6 3. d4 cxd4 4. Nxd4 Nf6 5. Nc3 Nc6 6. Be3 e5 7. Nb3 Be7 8. Be2 0-0 9. 0-0 a6 10. a4 Be6 11. Kh1 Qc7 12. f4 1/2-1/2